00730nam a22001575i 4500001000700000003000900007005001700016008004100033040002000074100002000094245010200114260006500216300002100281500009200302852017800394168247ES-MaACL20230906213729.0020228s1871 sp |||| | spa d aCAM bspa cCAM1 aZumel, Enrique.13aEl anillo del diablo b: comedia de magia en tres actos y en verso / coriginal de Enrique Zumel. aMadrid : b[s.n.], c1871 (fImprenta de José Rodríguez) a77 p. ; c19 cm. aEn port.: Representada por primera vez en el Teatro de Variedades el 8 de mayo de 1871. aES-MaACLjF-8571(5) z-- Enc. pasta española, falto de la enc. originalz-- Enc. en un vol. facticio formando parte de la col. facticia "Teatro español moderno", vol. 24